000 00593nam a22002297a 4500
003 UA-OsUOA
001 22725
007 ta
008 20031224b un ||||| |||| 00| 0 ukr d
090 _a232.9
_bН20
942 _cBK
040 _aUA-OsUOA
_bukr
_cUA-OsUOA
_dUA-OsUOA
245 _aНайбільша людина яка будь-коли жила
300 _a136 с.
_bІлюстрації
955 _a0
041 _aukr
080 _a232.9
260 _aGerman
_bWatch Tower Bible and Tract Society of Pennsylvania
_c1991
044 _aDE
650 7 _2UDC
999 _c308953
_d308953